| 000 | 01068cam a2200265 a 4500 | ||
|---|---|---|---|
| 005 | 20140903174917.0 | ||
| 008 | 130906e2011 xxub grn 001 0 eng d | ||
| 020 |
_a0230117775 _c9780230117778 |
||
| 040 |
_aCO-BoUCM _bspa _cRoberto Burgos _dAlexis Barreto |
||
| 041 | 0 | 0 | _aeng |
| 100 | 1 |
_aWeigert, Stephen L. _944284 |
|
| 245 | 1 | 0 |
_aAngola a modern military history, 1961-2002 _cStephen L. Weigert |
| 260 |
_aNew York _bPalgrave Macmillan _c2011 |
||
| 300 |
_bmapas _a272 páginas |
||
| 504 | _aIncluye referencias bibliográficas e índices | ||
| 600 | 1 | 4 |
_aSavimbi, Jonas Malheiro, 1934-2002 _944285 |
| 610 | 2 | 4 |
_aUnião Nacional para a Independência Total de Angola _944286 |
| 650 | 7 |
_aGuerra de guerrillas _xHistoria _zAngola _ySiglo XX _944287 |
|
| 650 | 7 |
_aTáctica militar _zAngola _ySiglo XX _944288 |
|
| 651 | 4 |
_aAngola _xHistoria _yGuerra Civil, 1975-2002 _944289 |
|
| 651 | 4 |
_aAngola _xHistoria _yRevolución, 1961-1975 _944290 |
|
| 690 | _aHistoria de África | ||
| 942 |
_cLIBRO _e1 _a21 _mW419a _2DEWEY _h967.304 |
||
| 999 |
_c180103 _d180103 |
||